| 000 | 00657cam a2200229 a 4500 | ||
|---|---|---|---|
| 999 |
_c9024 _d9024 |
||
| 001 | 7735318 | ||
| 003 | OCoLC | ||
| 005 | 20200313113945.0 | ||
| 008 | 810818s1982 nju 000 0 eng | ||
| 010 | _a81014382 | ||
| 020 | _a0800712781 | ||
| 020 | _a9780800712785 | ||
| 040 |
_aDLC _beng _cDLC _dBTCTA _dOCLCG _dOCLCO _dOCLCF |
||
| 050 | 0 |
_aBJ1611.2 _b.P37 |
|
| 082 |
_a248.4 _bP358P |
||
| 100 | 1 |
_aPeale, Norman Vincent, _d1898-1993. |
|
| 245 | 1 | 0 |
_aPositive imaging : _bthe powerful way to change your life / _cNorman Vincent Peale. |
| 260 |
_aOld Tappan, N.J. : _bRevell, _cc1982. |
||
| 300 |
_a187 p. ; _c22 cm. |
||
| 650 | 0 | _aSuccess. | |
| 942 |
_2ddc _cBK |
||